000 00898nam a2200241Ia 4500
003 OSt
005 20201111121159.0
008 191128s1977 ck gr 000 0dspa d
040 _aCO-JMCR
_cCO-JMCR
041 0 _aspa
082 0 4 _a330.122 /
_bA662p
_223
100 1 _aArango Jaramillo, Mario,
_eautor
_94803
245 1 3 _aEl proceso del capitalismo en Colombia :
_bdel modo de producción americano al colonial /
_cMario Arango Jaramillo
250 _aSegunda edición
260 _aMedellín :
_bHombre Nuevo
_c1977
300 _a79 páginas ;
_c17 cm.
504 _aBibliografía: páginas 74-79.
505 _aSituación económica internacional en el momento del descubrimiento -- El modo de producción americano -- Relaciones de producción durante la colonia
546 _aspa
650 1 4 _aHistoria económica
_94804
650 2 4 _aProducción Capitalismo
_94805
942 _2ddc
_cBK
999 _c5421
_d5421